| 000 | 00940nam a2200277 a 4500 | ||
|---|---|---|---|
| 001 | BRCA_3856 | ||
| 005 | 20190320204441.0 | ||
| 008 | 171209s1910----mx-#######---#000-0#spa-# | ||
| 041 | _aspa | ||
| 044 | _amx | ||
| 050 | 4 |
_aF1213 _b.C35 2 1910 |
|
| 100 | 1 |
_aCalderón de la Barca, Frances Erskine Inglis _d1804-1882 _99129 |
|
| 245 | 1 | 0 |
_aLife in Mexico during a residence of two years in that country _cby Madame Calderón de la Barca ; with a preface by W. H. Prescott. |
| 250 | _a3 | ||
| 260 |
_aMéxico _bThe Aztec _c1910 |
||
| 300 |
_a375 p. _c23 cm. |
||
| 500 | _aEstado físico: faltante de lomo | ||
| 500 | _aVer también B97 (v.1), C135 (2a ed. 1907) y CEF80 (v.2) | ||
| 500 | _aC15 | ||
| 650 | 1 | 4 |
_aViajeros ingleses _97018 |
| 651 | 4 |
_aMéxico _xVida social y costumbres _9769 |
|
| 651 | 4 |
_aMéxico _xDescripción y viajes _9103 |
|
| 700 | 1 |
_aPrescott, William Hickling _d1796-1859 _98071 |
|
| 902 | _aGFM | ||
| 942 |
_2lcc _cB |
||
| 999 |
_c3584 _d3584 |
||